000 00369nam a2200157Ia 4500
005 20250627012651.0
008 240331s9999 xx 000 0 und d
020 _a95596098
082 _bGUN
_a370
100 _aGunasekara,U
245 0 _aPrathibimba
260 _bAuthor's Statement
_c1997
300 _a102 p .,
650 _a Psychology Article series
942 _cL
999 _c5256
_d5256